| 000 | 00647nam a22002177a 4500 | ||
|---|---|---|---|
| 003 | OSt | ||
| 005 | 20140310181937.0 | ||
| 008 | 130724t xxu||||| |||| 00| 0 eng d | ||
| 020 | _a0749800631 | ||
| 050 |
_aPQ 2469 _b.V531ar 1991 |
||
| 082 |
_aCLA _bV59ar 1991 |
||
| 100 |
_aJules Verne. _93460 |
||
| 245 |
_aAround the world in eighty days _cJules Verne, illustrated by Paul Crompton. |
||
| 260 |
_aManchester : _bWorld International Publishing Limited, _cc1991. |
||
| 300 |
_a205p. : _bcol. ill. ; _c20 cm. |
||
| 521 | _a | ||
| 541 | _j1 | ||
| 562 | _e1 | ||
| 650 |
_aChildren's literature _xFiction _93461 |
||
| 942 |
_2lcc _cBBK _kCLA |
||
| 999 |
_c7574 _d7574 |
||